Catholic University of Zimbabwe Library
Online Public Access Catalogue
(OPAC)

Mummy Portraits of Roman Egypt (Record no. 26949)

MARC details
000 -LEADER
fixed length control field 04939cam a22005534a 4500
001 - CONTROL NUMBER
control field muse91575
003 - CONTROL NUMBER IDENTIFIER
control field MdBmJHUP
005 - DATE AND TIME OF LATEST TRANSACTION
control field 20210127151750.0
006 - FIXED-LENGTH DATA ELEMENTS--ADDITIONAL MATERIAL CHARACTERISTICS
fixed length control field m o d
007 - PHYSICAL DESCRIPTION FIXED FIELD--GENERAL INFORMATION
fixed length control field cr||||||||nn|n
008 - FIXED-LENGTH DATA ELEMENTS--GENERAL INFORMATION
fixed length control field 191217s2020 cau o 00 0 eng d
010 ## - LIBRARY OF CONGRESS CONTROL NUMBER
Canceled/invalid LC control number 2019057807
020 ## - INTERNATIONAL STANDARD BOOK NUMBER
International Standard Book Number 9781606066539
020 ## - INTERNATIONAL STANDARD BOOK NUMBER
Canceled/invalid ISBN 9781606066522
020 ## - INTERNATIONAL STANDARD BOOK NUMBER
Canceled/invalid ISBN 9781606066546
035 ## - SYSTEM CONTROL NUMBER
System control number (OCoLC)1133661706
040 ## - CATALOGING SOURCE
Original cataloging agency MdBmJHUP
Transcribing agency MdBmJHUP
043 ## - GEOGRAPHIC AREA CODE
Geographic area code f-ua---
050 04 - LIBRARY OF CONGRESS CALL NUMBER
Classification number ND1327.E3
082 0# - DEWEY DECIMAL CLASSIFICATION NUMBER
Classification number 759.02/16
Edition number 23
245 10 - TITLE STATEMENT
Title Mummy Portraits of Roman Egypt
Remainder of title Emerging Research from the APPEAR Project /
Statement of responsibility, etc. edited by Marie Svoboda and Caroline R. Cartwright.
250 ## - EDITION STATEMENT
Edition statement First edition.
264 #1 - PRODUCTION, PUBLICATION, DISTRIBUTION, MANUFACTURE, AND COPYRIGHT NOTICE
Name of producer, publisher, distributor, manufacturer J. Paul Getty Museum,
264 #3 - PRODUCTION, PUBLICATION, DISTRIBUTION, MANUFACTURE, AND COPYRIGHT NOTICE
Name of producer, publisher, distributor, manufacturer Project MUSE,
300 ## - PHYSICAL DESCRIPTION
Extent 1 online resource (1 online resource)
500 ## - GENERAL NOTE
General note Proceedings of a conference held at the J. Paul Getty Museum at the Getty Villa, Malibu, on May 17 and 18, 2018.
504 ## - BIBLIOGRAPHY, ETC. NOTE
Bibliography, etc. note Includes bibliographical references.
505 0# - FORMATTED CONTENTS NOTE
Formatted contents note Challenges in the Characterization and Categorization of Binding Media in Mummy Portraits / Ken Sutherland, Rachel C. Sabino, and Federica Pozzi -- Understanding Wood Choices for Ancient Panel Painting and Mummy Portraits in the APPEAR Project through Scanning Electron Microscopy / Caroline R. Cartwright -- The Matter of Madder in the Ancient World / Richard Newman and Glenn Gates -- Green Pigments: Exploring Changes in the Egyptian Color Palette through the Technical Study of Roman-Period Mummy Shrouds / Caroline Roberts -- Egyptian Blue in Context / Gabrielle Thiboutot -- Multispectral Imaging Techniques Applied to the Study of Greco-Roman Funerary Portraits from Egypt at The British Museum / Joanne Dyer and Nicola Newman -- Evaluating Multiband Reflectance Image Subtraction for the Characterization of Indigo in Romano-Egyptian Funerary Portraits / Lauren Bradley, Jessica Ford, Dawn Kriss, Victoria Schussler, Federica Pozzi, Elena Basso, and Lisa Bruno -- Invisible Brushstrokes Revealed: Technical Imaging and Research of Romano-Egyptian Mummy Portraits / Evelyn (Eve) Mayberger, Jessica Arista, Marie Svoboda, and Molly Gleeson -- Framing the Heron Panel: Iconographic and Technical Comparanda / Georgina E. Borromeo, Ingrid A. Neuman, with Scott Collins, Catherine Cooper, Derek Merck, and David Murray -- A Study of the Relative Locations of Facial Features within Mummy Portraits / Jevon Thistlewood, Olivia Dill, Marc Walton, and Andrew Shortland -- From All Sides: The APPEAR Project and Mummy Portrait Provenance / Judith Barr -- Painted Mummy Portraits in the Museum of Fine Arts, Budapest / Kata Endreffy and Árpád M. Nagy -- Scrutinizing "Sarapon": Investigating a Mummy Portrait of a Young Man in the Michael C. Carlos Museum, Emory University (Inv. 2004.48.1) / Renee Stein and Lorelei H. Corcoran -- Defining a Romano-Egyptian Painting Workshop at Tebtunis / Jane Williams, Caroline R. Cartwright, and Mark Walton -- The APPEAR Project Collaboration and Benefits: Nondestructive Studies of Ancient Pigments on Greco-Roman Funerary Portraits of the Kunsthistorisches Museum, Vienna / Bettina Vak, Roberta Iannaccone, and Katharina Uhlir -- Painted Roman Wood Shields from Dura-Europos / Anne Gunnison, Irma Passeri, Erin Mysak, and Lisa Brody -- Characterization of Binding Media in Egyptian Funerary Portraits / Joy Mazurek -- Binding Media and Coatings: Mummy Portraits in the National Museum of Denmark and Ny Carlsberg Glyptotek / Lin Rosa Spaabaek and Joy Mazurek.
506 0# - RESTRICTIONS ON ACCESS NOTE
Terms governing access Open Access
Standardized terminology for access restriction Unrestricted online access
Source of term star
520 ## - SUMMARY, ETC.
Summary, etc. "This publication gathers papers and posters from a 2018 conference organized as part of the APPEAR (Ancient Panel Paintings: Examination, Analysis, and Research) initiative, an international collaboration that promotes the study of funerary portraits from Roman Egypt"--
Assigning source Provided by publisher.
588 ## - SOURCE OF DESCRIPTION NOTE
Source of description note Description based on print version record.
650 #0 - SUBJECT ADDED ENTRY--TOPICAL TERM
Topical term or geographic name entry element Portraits, Egyptian
Form subdivision Congresses.
650 #0 - SUBJECT ADDED ENTRY--TOPICAL TERM
Topical term or geographic name entry element Portraits, Roman
Geographic subdivision Egypt
Form subdivision Congresses.
650 #0 - SUBJECT ADDED ENTRY--TOPICAL TERM
Topical term or geographic name entry element Mummy portraits
Geographic subdivision Egypt
Form subdivision Congresses.
650 #0 - SUBJECT ADDED ENTRY--TOPICAL TERM
Topical term or geographic name entry element Mummy portraits
General subdivision Expertising
Form subdivision Congresses.
651 #0 - SUBJECT ADDED ENTRY--GEOGRAPHIC NAME
Geographic name Egypt
General subdivision Antiquities, Roman
Form subdivision Congresses.
655 #7 - INDEX TERM--GENRE/FORM
Genre/form data or focus term Electronic books.
Source of term local
700 1# - ADDED ENTRY--PERSONAL NAME
Personal name Cartwright, Caroline,
Relator term editor.
700 1# - ADDED ENTRY--PERSONAL NAME
Personal name Svoboda, Marie,
Relator term editor.
710 2# - ADDED ENTRY--CORPORATE NAME
Corporate name or jurisdiction name as entry element J. Paul Getty Museum,
Relator term host institution,
-- issuing body.
776 18 - ADDITIONAL PHYSICAL FORM ENTRY
Relationship information Print version:
Title Mummy portraits of Roman Egypt
Edition First edition.
Place, publisher, and date of publication Los Angeles : J. Paul Getty Museum, 2020.
International Standard Book Number 9781606066546
Record control number (DLC) 2019057806
710 2# - ADDED ENTRY--CORPORATE NAME
Corporate name or jurisdiction name as entry element Project Muse.
Relator term distributor
830 #0 - SERIES ADDED ENTRY--UNIFORM TITLE
Uniform title Book collections on Project MUSE.
856 40 - ELECTRONIC LOCATION AND ACCESS
Public note Full text available:
Uniform Resource Identifier <a href="https://muse.jhu.edu/book/77113/">https://muse.jhu.edu/book/77113/</a>
Holdings
Withdrawn status Lost status Source of classification or shelving scheme Damaged status Not for loan Home library Current library Shelving location Date acquired Total Checkouts Date last seen Uniform Resource Identifier Price effective from Koha item type
          Digital Library Digital Library Online Access 27.01.2021   27.01.2021 https://muse.jhu.edu/book/77113/ 27.01.2021 eBook

OPENING HOURS

Weekdays: 0815hrs - 1800hrs
Weekends:0900hrs - 1200hrs

Closed for Mass:

Mon, Thur: 1200hrs - 1300hrs
Sunday & Public Holiday’s

CALL SUPPORT

0242-570570, 0242-570169
09200664, +263 8644140602

LOCATION

18443, Cranborne Avenue, Hatfield, Harare

Other Links


©2021 | CUZ Library